| 000 -LEADER |
| fixed length control field |
02474nam a2200445 i 4500 |
| 001 - CONTROL NUMBER |
| control field |
22076327 |
| 003 - CONTROL NUMBER IDENTIFIER |
| control field |
OSt |
| 005 - DATE AND TIME OF LATEST TRANSACTION |
| control field |
20260210165050.0 |
| 006 - FIXED-LENGTH DATA ELEMENTS--ADDITIONAL MATERIAL CHARACTERISTICS |
| fixed length control field |
m |o d | |
| 007 - PHYSICAL DESCRIPTION FIXED FIELD--GENERAL INFORMATION |
| fixed length control field |
cr_||||||||||| |
| 008 - FIXED-LENGTH DATA ELEMENTS--GENERAL INFORMATION |
| fixed length control field |
210609s2021 nyu 000 0 eng |
| 010 ## - LIBRARY OF CONGRESS CONTROL NUMBER |
| LC control number |
2021023649 |
| 020 ## - INTERNATIONAL STANDARD BOOK NUMBER |
| International Standard Book Number |
9780593241417 |
| Qualifying information |
(ebook) |
| 020 ## - INTERNATIONAL STANDARD BOOK NUMBER |
| Canceled/invalid ISBN |
9781529176810 |
| Qualifying information |
paprback |
| 035 ## - SYSTEM CONTROL NUMBER |
| System control number |
22076327 |
| 040 ## - CATALOGING SOURCE |
| Original cataloging agency |
DLC |
| Language of cataloging |
eng |
| Transcribing agency |
DLC |
| Description conventions |
rda |
| Modifying agency |
uoc |
| 042 ## - AUTHENTICATION CODE |
| Authentication code |
pcc |
| 082 00 - DEWEY DECIMAL CLASSIFICATION NUMBER |
| Classification number |
155.4182 |
| Edition number |
23 |
| Item number |
CAT |
| 100 1# - MAIN ENTRY--PERSONAL NAME |
| Personal name |
Price, Catherine, |
| Dates associated with a name |
1978- |
| Relator term |
author. |
| 245 14 - TITLE STATEMENT |
| Title |
The power of fun : |
| Remainder of title |
Why fun is the key to a happy and healthy life / |
| Statement of responsibility, etc. |
by Catherine Price. |
| 250 ## - EDITION STATEMENT |
| Edition statement |
First edition. |
| 263 ## - PROJECTED PUBLICATION DATE |
| Projected publication date |
2112 |
| 264 #1 - PRODUCTION, PUBLICATION, DISTRIBUTION, MANUFACTURE, AND COPYRIGHT NOTICE |
| Place of production, publication, distribution, manufacture |
Great Britain : |
| Name of producer, publisher, distributor, manufacturer |
Penguin Random House, |
| Date of production, publication, distribution, manufacture, or copyright notice |
2021. |
| 264 #4 - PRODUCTION, PUBLICATION, DISTRIBUTION, MANUFACTURE, AND COPYRIGHT NOTICE |
| Date of production, publication, distribution, manufacture, or copyright notice |
© 2021 Catherine Price LLC |
| 300 ## - PHYSICAL DESCRIPTION |
| Extent |
336 pages; |
| Dimensions |
21 cm |
| 336 ## - CONTENT TYPE |
| Content type term |
text |
| Content type code |
txt |
| Source |
rdacontent |
| 337 ## - MEDIA TYPE |
| Media type term |
unmediated |
| Media type code |
n |
| Source |
rdamedia |
| 338 ## - CARRIER TYPE |
| Carrier type term |
volume |
| Carrier type code |
nc |
| Source |
rdacarrier |
| 500 ## - GENERAL NOTE |
| General note |
includes index |
| 505 0# - FORMATTED CONTENTS NOTE |
| Formatted contents note |
Prologue -- What Is Fun, Anyway? -- Why You Feel Dead Inside -- Why Fun-True Fun-Is the Answer -- The Fun Audit -- Find Your Fun -- Make Space -- Pursue Passions -- Attract Fun -- Rebel -- Keep At It -- Conclusion: The Power of Fun. |
| 520 ## - SUMMARY, ETC. |
| Summary, etc. |
"'About this Book' In our always-on, productivity-addicted lifestyles, we tend to think of the pursuit of fun as being indulgent, even immature and childish. When we do find the time to relax or care for ourselves, we tend to turn to activities that are not actually restorative: binging Netflix, scrolling through Twitter, or indulging our FOMO on Instagram. Through years of research, journalist Catherine Price has learned the truth: far from being frivolous or a distraction, fun is actually the secret to achieving our goals. If you reorient your life around what you personally find fun-true fun-you will be happier and healthier. You will be more productive, less resentful, and less stressed. You will have more energy, for yourself and for other people. You will find community and a sense of purpose. You will feel alive again"-- |
| Assigning source |
Provided by publisher. |
| 588 ## - SOURCE OF DESCRIPTION NOTE |
| Source of description note |
Description based on print version record and CIP data provided by publisher; resource not viewed. |
| 650 #0 - SUBJECT ADDED ENTRY--TOPICAL TERM |
| Topical term or geographic name entry element |
Play |
| General subdivision |
Psychological aspects. |
| 9 (RLIN) |
4133 |
| 650 #0 - SUBJECT ADDED ENTRY--TOPICAL TERM |
| Topical term or geographic name entry element |
Amusements. |
| 9 (RLIN) |
4633 |
| 650 #0 - SUBJECT ADDED ENTRY--TOPICAL TERM |
| Topical term or geographic name entry element |
Vitality. |
| 9 (RLIN) |
4634 |
| 650 #0 - SUBJECT ADDED ENTRY--TOPICAL TERM |
| Topical term or geographic name entry element |
Stress (Psychology) |
| 9 (RLIN) |
2934 |
| 906 ## - LOCAL DATA ELEMENT F, LDF (RLIN) |
| a |
7 |
| b |
cbc |
| c |
orignew |
| d |
1 |
| e |
ecip |
| f |
20 |
| g |
y-gencatlg |
| 942 ## - ADDED ENTRY ELEMENTS (KOHA) |
| Source of classification or shelving scheme |
|
| Koha item type |
Book |